000 00324pab a2200145 454500
008 180718b2000 xxu||||| |||| 00| 0 eng d
100 _aJagmohan
245 _aUrban future
260 _c2000
300 _ap.6; 3 Feb, 2000, p.6
362 _a2 Feb
650 _aUrban development
773 _aStatesman
909 _a45053
999 _c45053
_d45053